Quick Pick: Seven Sins by Definition Quiz Stats

 Plays Quiz Updated Mar 10, 2016

Challenge
Share
Tweet
Embed
Score 0/7 Timer 00:30
0 Plays Today
% Correct
Wrath
92.4%
Lust
91.9%
Sloth
91.5%
Gluttony
90.1%
Pride
87.4%
Envy
86%
Greed
80.7%

Today's Daily Dose

You're not logged in!

Compare scores with friends on all Sporcle quizzes.
Join for Free
OR
Log In

You Might Also Like...

Show Comments

Extras

Top Quizzes Today


Score Distribution

Your Account Isn't Verified!

In order to create a playlist on Sporcle, you need to verify the email address you used during registration. Go to your Sporcle Settings to finish the process.

Report this User

Report this user for behavior that violates our Community Guidelines.

Details: